000 01150nam a2200313 i 4500
001 000046385
003 OSt
005 20250925101039.0
007 ta
008 150806s1964 dr ac r 000 0 spa d
040 _aDO-SdBNP
_bspa
_cBNPHU
_erda
041 _hspa
082 4 _a623.197293
_bB792c
_222
100 1 _aBoyrie Moya, Emile de
_935200
_eautor
245 1 3 _aLa casa de piedra de Ponce de León en Higüey /
_cEmile de Boyrie Moya.
264 _aSanto Domingo :
_bEditora Del Caribe,
_c1964.
300 _a32 páginas :
_bilustraciones, retratos ;
_c23 cm.
336 _atexto
_btxt
_2rdacontent
337 _asin mediación
_bn
_2rdamedia
338 _avolumen
_bnc
_2rdacarrier
500 _aA la cabeza de la portada : Academia Dominicana de la Historia.
504 _aBibliografía : p. [27]
590 _aInventariado, 2020 /MF
650 0 _972759
_aFortificaciones
_zRepública Dominicana
_zHigüey
650 0 _xCasa de Piedra de Ponce de León
_zRepública Dominicana
_zHigüey
_979616
651 0 _aRepública Dominicana
_xArquitectura colonial
_zHigüey
_978065
910 _aVolidado. Control de Calidad/MAA
942 _2ddc
_cLF2
999 _c45874
_d45874